D-C Circuit analysis / (Record no. 194124)
[ view plain ]
| 000 -LEADER | |
|---|---|
| fixed length control field | 00550 a2200169 4500 |
| 003 - CONTROL NUMBER IDENTIFIER | |
| control field | Nust |
| 005 - DATE AND TIME OF LATEST TRANSACTION | |
| control field | 20221124111219.0 |
| 040 ## - CATALOGING SOURCE | |
| Transcribing agency | Nust |
| 082 ## - DEWEY DECIMAL CLASSIFICATION NUMBER | |
| Classification number | 621.38132,CIR |
| 100 ## - MAIN ENTRY--PERSONAL NAME | |
| Personal name | Alxender Schure |
| 9 (RLIN) | 103473 |
| 245 ## - TITLE STATEMENT | |
| Title | D-C Circuit analysis / |
| Statement of responsibility, etc. | Alxender Schure |
| 260 ## - PUBLICATION, DISTRIBUTION, ETC. | |
| Place of publication, distribution, etc. | New York |
| Name of publisher, distributor, etc. | John F. Rider |
| Date of publication, distribution, etc. | 1958 |
| 300 ## - PHYSICAL DESCRIPTION | |
| Extent | 72 pages |
| 505 ## - FORMATTED CONTENTS NOTE | |
| Formatted contents note | Basic Concepts (Page-1), Resistance Factors (Page-12), Simple D-C Circuits Analysis (Page-20), Analysis of Combination D-C Circuits (Page-46), |
| 650 ## - SUBJECT ADDED ENTRY--TOPICAL TERM | |
| Topical term or geographic name entry element | Telecommunication Engineering |
| 942 ## - ADDED ENTRY ELEMENTS (KOHA) | |
| Source of classification or shelving scheme | |
| Koha item type | Book |
| Withdrawn status | Lost status | Source of classification or shelving scheme | Damaged status | Not for loan | Permanent Location | Current Location | Shelving location | Date acquired | Full call number | Barcode | Date last seen | Price effective from | Koha item type | Public note |
|---|---|---|---|---|---|---|---|---|---|---|---|---|---|---|
| Military College of Signals (MCS) | Military College of Signals (MCS) | General Stacks | 12/12/2016 | 621.38132,CIR | MCS5336 | 12/08/2016 | 12/12/2016 | Book | Almirah No.32, Shelf No.3 |
